000 00296nam a22001337a 4500
999 _c528431
_d528431
003 NUST
038 _aMSOHAIL
082 _a0
100 _aHamid Ali
_920236
245 _aThe West Pakistan building and roads
260 _aKarachi
_bIdeal Pub
_c1998
300 _a288,p;
_c25cm
942 _2ddc
_cBK